|
|
|
|
| LEADER |
00000nam0a2200000 4500 |
| 001 |
60429 |
| 005 |
20231031061412.0 |
| 010 |
|
|
|a 5247014464
|
| 035 |
|
|
|a (RuTPU)RU\TPU\book\63913
|
| 090 |
|
|
|a 60429
|
| 100 |
|
|
|a 20040209d1989 km y0rusy50 ca
|
| 101 |
0 |
|
|a rus
|
| 102 |
|
|
|a RU
|
| 105 |
|
|
|a a g 001zy
|
| 200 |
1 |
|
|a Инженерно-геологические изыскания
|e справочное пособие
|f Н. Ф. Арипов [и др.]
|
| 210 |
|
|
|a Москва
|c Недра
|d 1989
|
| 215 |
|
|
|a 288 с.
|c ил.
|
| 320 |
|
|
|a Библиогр.: с. 285-286.
|
| 610 |
1 |
|
|a строительная механика
|
| 610 |
1 |
|
|a инженерно-геодезические изыскания
|
| 610 |
1 |
|
|a инженерно-геологические изыскания
|
| 610 |
1 |
|
|a горные породы
|
| 610 |
1 |
|
|a инженерно-геологическая съемка
|
| 610 |
1 |
|
|a грунты
|
| 610 |
1 |
|
|a изучение
|
| 610 |
1 |
|
|a выемки
|
| 610 |
1 |
|
|a чертежи
|
| 610 |
1 |
|
|a документация
|
| 610 |
1 |
|
|a справочники
|
| 675 |
|
|
|a 624.131.3(035)
|v 3
|
| 701 |
|
1 |
|a Арипов
|b Н. Ф.
|g Надыр Фатыхович
|
| 701 |
|
1 |
|a Карпышев
|b Е. С.
|g Евгений Сергеевич
|
| 701 |
|
1 |
|a Молоков
|b Л. А.
|g Лев Александрович
|
| 701 |
|
1 |
|a Парфиянович
|b В. А.
|g Владимир Александрович
|
| 801 |
|
1 |
|a RU
|b 63413507
|c 20040209
|g PSBO
|
| 801 |
|
2 |
|a RU
|b 63413507
|c 20150420
|g PSBO
|
| 900 |
|
|
|a Инженерно-геологические изыскания
|
| 900 |
|
|
|a Инженерно-геологические изыскания для линейного строительства
|
| 942 |
|
|
|c BK
|